000 00387nam a2200169Ia 4500
003 0STCL
008 150530s9999 xx 000 0 und d
040 _aSTCL
_cSTCL
100 _aHardy, F.E.
245 _aEarly life of Thomas Hardy 1840-1891
250 _aFirst
260 _bMacmillan
_c1928
546 _aEnglish
942 _2ddc
_cBK
999 _c61334
_d61334
005 20220125171150.0